Central Library OPAC University of Rajshahi

Giovanni's room : (Record no. 63601)

MARC details
000 -LEADER
fixed length control field 00799nam a2200265 a 4500
001 - CONTROL NUMBER
control field 63601
003 - CONTROL NUMBER IDENTIFIER
rucl marc code BD-RjUL
005 - DATE AND TIME OF LATEST TRANSACTION
control field 20211209081220.0
008 - FIXED-LENGTH DATA ELEMENTS--GENERAL INFORMATION
fixed length control field 170131m19621956enk |||| |||| 000 0 eng d
035 ## - SYSTEM CONTROL NUMBER
System control number (BD-RjUL)63730
040 ## - CATALOGING SOURCE
Original cataloging agency IRU
Transcribing agency IRU
Modifying agency m.c.
-- RCD
-- BD-RjUL
Language of cataloging eng
041 ## - LANGUAGE CODE
Language code of text/sound track or separate title eng
082 ## - DEWEY DECIMAL CLASSIFICATION NUMBER
Edition number 23
Classification number 813.54
Author mark and year BAG 1962
090 ## - LOCALLY ASSIGNED LC-TYPE CALL NUMBER (OCLC); LOCAL CALL NUMBER (OCLC)
Classification number (OCLC) (R) ; Classification number, CALL (RLIN) (NR) PS3552.A365
Local cutter number (OCLC) ; Book number/undivided call number, CALL (RLIN) G5
099 ## - LOCAL FREE-TEXT CALL NUMBER (OCLC)
Bangla Class number PS3552.A365.G5
100 1# - MAIN ENTRY--PERSONAL NAME
Personal name Baldwin, James,
Dates associated with a name 1924-1987.
9 (RLIN) 189004
245 10 - TITLE STATEMENT
Title Giovanni's room :
Remainder of title a novel /
Statement of responsibility, etc. by James Baldwin.
260 ## - PUBLICATION, DISTRIBUTION, ETC. (IMPRINT)
Place of publication, distribution, etc. New York :
Name of publisher, distributor, etc. Dial Press,
Date of publication, distribution, etc. c1956, 1962 printing.
300 ## - PHYSICAL DESCRIPTION
Pagination 248 p. ;
Size 21 cm.
500 ## - GENERAL NOTE
General note "Fifth printing."
650 ## - SUBJECT ADDED ENTRY--TOPICAL TERM
Topical term or geographic name as entry element Americans
General subdivision Fiction
Geographic subdivision France
9 (RLIN) 189005
Topical term or geographic name as entry element Sexual orientation
General subdivision Fiction.
9 (RLIN) 189006
Topical term or geographic name as entry element Paris (France)
General subdivision Fiction.
9 (RLIN) 189007
942 ## - ADDED ENTRY ELEMENTS (KOHA)
Source of classification or shelving scheme Dewey Decimal Classification
Koha item type Books
Holdings
Lost status Source of classification or shelving scheme Damaged status Not for loan Collection code Permanent Location Current Location Shelving location Date acquired Source of acquisition Cost, normal purchase price Total Checkouts Full call number Date last seen Copy number Koha item type
  Dewey Decimal Classification   Not For Loan Fiction Central Library, University of Rajshahi Central Library, University of Rajshahi Reading Room 18/02/1965 Zeittinger 361.00   813.54 BAG 1962 31/01/2017 C-1 Books